|
|
|
|
| LEADER |
00000nam0a2200000 4500 |
| 001 |
252489 |
| 005 |
20231101232745.0 |
| 010 |
|
|
|a 5020291641
|
| 020 |
|
|
|a RU
|b 89-30891ж
|
| 035 |
|
|
|a (RuTPU)RU\TPU\book\274836
|
| 090 |
|
|
|a 252489
|
| 100 |
|
|
|a 20140304a1989 k y0rusy5003 ca
|
| 101 |
0 |
|
|a rus
|
| 102 |
|
|
|a RU
|
| 105 |
|
|
|a a z 001zy
|
| 200 |
1 |
|
|a Механизмы теплопереноса в горных породах
|f А. М. Сидоров, А. Д. Дучков
|g Академия наук СССР (АН СССР), Сибирское отделение (СО), Институт геологии и геофизики (ИГиГ) ; под ред. Л. С. Соколовой
|
| 210 |
|
|
|a Новосибирск
|c Наука
|d 1989
|
| 215 |
|
|
|a 96 с.
|c ил.
|
| 225 |
1 |
|
|a Труды института геологии и геофизики СО АН СССР
|v Вып. 726
|
| 320 |
|
|
|a Библиогр.: с. 85-94 (217 назв.)
|
| 606 |
1 |
|
|a Горные породы
|x Физико-механические свойства
|2 stltpush
|3 (RuTPU)RU\TPU\subj\8081
|9 35571
|
| 610 |
1 |
|
|a теплофизические свойства
|
| 610 |
1 |
|
|a теплоперенос
|
| 610 |
1 |
|
|a тепловые свойства
|
| 610 |
1 |
|
|a породообразующие минералы
|
| 610 |
1 |
|
|a оксиды
|
| 610 |
1 |
|
|a дегазация
|
| 610 |
1 |
|
|a плавление
|
| 610 |
1 |
|
|a теплопроводность
|
| 675 |
|
|
|a 552.08:53
|z rus
|v 3
|
| 700 |
|
1 |
|a Сидоров
|b А. М.
|g Александр Михайлович
|
| 701 |
|
1 |
|a Дучков
|b А. Д.
|g Альберт Дмитриевич
|
| 702 |
|
1 |
|a Соколова
|b Л. С.
|4 340
|
| 712 |
0 |
2 |
|a Академия наук СССР (АН СССР)
|b Сибирское отделение (СО)
|b Институт геологии и геофизики (ИГиГ)
|c (Новосибирск)
|2 stltpush
|3 (RuTPU)RU\TPU\col\128
|
| 801 |
|
0 |
|a RU
|b RuMRKP
|c 19950417
|g psbo
|
| 801 |
|
1 |
|a RU
|b 63413507
|c 20140304
|
| 801 |
|
2 |
|a RU
|b 63413507
|c 20140418
|g RCR
|
| 942 |
|
|
|c BK
|